[Event "XII Paracin Festival 2019"]
[Site "Paracin"]
[Date "2019.07.11"]
[Round "8.7"]
[White "Avalyan, Artur"]
[Black "Tan, Justin"]
[Result "0-1"]
[WhiteElo "2351"]
[BlackElo "2513"]
[Annotator "ChessBase"]
[PlyCount "120"]
[EventDate "2019.07.05"]
[EventType "swiss"]
[EventCountry "SRB"]
[SourceTitle "playchess.com"]
[Source "ChessBase"]
[SourceQuality "1"]
[TimeControl "5400+30"]

1. d4 {[%emt 0:00:00]} Nf6 {[%emt 0:03:37]} 2. c4 {[%emt 0:00:00]} e6 {[%emt 0:00:05]} 3. Nc3 {[%emt 0:00:00]} Bb4 {[%emt 0:00:04]} 4. e3 {[%emt 0:00:00]} O-O {[%emt 0:00:06]} 5. Bd3 {[%emt 0:00:04]} c5 {[%emt 0:00:04]} 6. Nf3 {[%emt 0:00:10]} d5 {[%emt 0:00:06]} 7. O-O {[%emt 0:00:26]} dxc4 {[%emt 0:00:34]} 8. Bxc4 {[%emt 0:00:06]} Nbd7 {[%emt 0:01:07]} 9. Qe2 {[%emt 0:09:09]} cxd4 {[%emt 0:00:55]} 10. exd4 {[%emt 0:00:09]} Nb6 11. Bd3 {[%emt 0:01:45]} Bd7 {[%emt 0:00:40]} 12. Bg5 {[%emt 0:04:31]} Bc6 {[%emt 0:00:28]} 13. Ne5 {[%emt 0:16:40]} h6 {[%emt 0:00:59]} 14. Bxf6 {[%emt 0:07:10]} Qxf6 {[%emt 0:00:02]} 15. Ne4 {[%emt 0:12:34]} Qd8 {[%emt 0:01:00]} 16. Nxc6 {[%emt 0:00:18]} bxc6 {[%emt 0:00:02]} 17. a3 {[%emt 0:00:16]} Be7 {[%emt 0:00:27]} 18. Rac1 {[%emt 0:00:13]} Qxd4 {[%emt 0:03:26]} 19. Rxc6 {[%emt 0:05:40]} Nd5 {[%emt 0:10:02]} 20. Rc4 {[%emt 0:02:56]} Qb6 {[%emt 0:03:37]} 21. Nc3 {[%emt 0:01:42]} Nxc3 {[%emt 0:00:17]} 22. Rxc3 {[%emt 0:00:05]} Bf6 {[%emt 0:00:47]} 23. Rc2 {[%emt 0:00:06]} Rfd8 {[%emt 0:01:56]} 24. g3 {[%emt 0:04:42]} a5 {[%emt 0:05:17]} 25. Rd1 {[%emt 0:10:01]} Rd4 {[%emt 0:03:48]} 26. Rdc1 {[%emt 0:03:40]} Rad8 {[%emt 0:05:10]} 27. Bc4 {[%emt 0:02:28]} Bg5 {[%emt 0:02:27]} 28. Rf1 {[%emt 0:01:40]} Rd2 {[%emt 0:03:01]} 29. Qe4 {[%emt 0:02:23]} Rxc2 {[%emt 0:01:48]} 30. Qxc2 {[%emt 0:00:03]} Rd2 {[%emt 0:00:04]} 31. Qa4 {[%emt 0:01:34]} g6 {[%emt 0:06:01]} 32. Qb5 {[%emt 0:01:43]} Qxb5 {[%emt 0:06:22]} 33. Bxb5 {[%emt 0:00:10]} Rxb2 {[%emt 0:00:02]} 34. a4 {[%emt 0:00:10]} Bd2 {[%emt 0:00:08]} 35. Bc4 {[%emt 0:06:02]} e5 {[%emt 0:07:18]} 36. Ra1 {[%emt 0:00:24]} Bc3 {[%emt 0:00:09]} 37. Ra2 {[%emt 0:00:12]} Rb4 {[%emt 0:00:03]} 38. Bb5 {[%emt 0:00:07]} Bb2 {[%emt 0:00:04]} 39. Kf1 {[%emt 0:01:05]} f5 {[%emt 0:06:49]} 40. Ke2 {[%emt 0:00:04]} Kf7 {[%emt 0:00:48]} 41. h4 {[%emt 0:01:51]} Ke6 {[%emt 0:02:56]} 42. Kd3 {[%emt 0:00:44]} Kd5 {[%emt 0:01:10]} 43. Be8 {[%emt 0:01:05]} g5 {[%emt 0:08:03]} 44. hxg5 {[%emt 0:00:03]} hxg5 {[%emt 0:00:02]} 45. Kc2 {[%emt 0:00:04]} Bd4 {[%emt 0:00:08]} 46. Kd1 {[%emt 0:00:11]} Bc3 {[%emt 0:04:30]} 47. Rc2 {[%emt 0:00:55]} Kd4 {[%emt 0:00:59]} 48. Ke2 {[%emt 0:01:04]} Rb1 {[%emt 0:01:46]} 49. f3 {[%emt 0:02:14]} Rh1 {[%emt 0:02:24]} 50. Bd7 {[%emt 0:00:58]} e4 {[%emt 0:06:03]} 51. Bxf5 {[%emt 0:01:26]} Rh2+ {[%emt 0:02:30]} 52. Kd1 {[%emt 0:00:04]} Rxc2 53. Kxc2 {[%emt 0:00:04]} exf3 {[%emt 0:01:10]} 54. Bg4 {[%emt 0:02:42]} Ke3 {[%emt 0:01:26]} 55. Kxc3 {[%emt 0:00:48]} Kf2 {[%emt 0:01:17]} 56. Kd2 {[%emt 0:00:06]} Kxg3 {[%emt 0:00:33]} 57. Be6 {[%emt 0:00:30]} f2 {[%emt 0:01:51]} 58. Bc4 {[%emt 0:00:17]} Kg2 {[%emt 0:00:26]} 59. Ke3 {[%emt 0:00:40]} g4 {[%emt 0:00:22]} 60. Be2 {[%emt 0:03:09]} g3 {[%emt 0:00:11]} 0-1

[Event "XII Paracin Festival 2019"]
[Site "Paracin"]
[Date "2019.07.11"]
[Round "8.8"]
[White "Vishnu Prasanna. V"]
[Black "Ratkovic, Milovan"]
[Result "1/2-1/2"]
[WhiteElo "2505"]
[BlackElo "2407"]
[Annotator "ChessBase"]
[PlyCount "84"]
[EventDate "2019.07.05"]
[EventType "swiss"]
[EventCountry "SRB"]
[SourceTitle "playchess.com"]
[Source "ChessBase"]
[SourceQuality "1"]
[TimeControl "5400+30"]

1. e4 {[%emt 0:00:00]} c6 {[%emt 0:00:00]} 2. d4 {[%emt 0:00:00]} d5 {[%emt 0:00:00]} 3. e5 {[%emt 0:00:00]} Bf5 {[%emt 0:00:06]} 4. Be3 {[%emt 0:00:00]} e6 {[%emt 0:00:39]} 5. Nd2 {[%emt 0:00:00]} Nd7 {[%emt 0:01:57]} 6. f4 {[%emt 0:00:06]} Bg6 {[%emt 0:03:48]} 7. Ngf3 {[%emt 0:00:56]} Ne7 {[%emt 0:03:25]} 8. Bf2 {[%emt 0:01:39]} Rc8 {[%emt 0:02:52]} 9. c3 {[%emt 0:06:54]} c5 {[%emt 0:04:56]} 10. dxc5 {[%emt 0:00:29]} Nxc5 {[%emt 0:03:52]} 11. Nb3 {[%emt 0:04:00]} Nd7 {[%emt 0:06:53]} 12. a4 {[%emt 0:16:00]} Nc6 {[%emt 0:08:38]} 13. a5 {[%emt 0:00:28]} a6 {[%emt 0:01:57]} 14. Be2 {[%emt 0:00:27]} Be7 {[%emt 0:00:48]} 15. O-O {[%emt 0:01:39]} O-O {[%emt 0:02:09]} 16. Be3 {[%emt 0:03:31]} Qe8 {[%emt 0:08:06]} 17. Kh1 {[%emt 0:04:54]} f6 {[%emt 0:10:18]} 18. exf6 {[%emt 0:00:39]} Rxf6 {[%emt 0:02:01]} 19. Qd2 {[%emt 0:01:41]} Bd6 {[%emt 0:06:47]} 20. c4 {[%emt 0:08:32]} Kh8 {[%emt 0:02:22]} 21. c5 {[%emt 0:02:48]} Bb8 {[%emt 0:00:34]} 22. Nfd4 {[%emt 0:07:30]} e5 {[%emt 0:08:06]} 23. Nxc6 {[%emt 0:05:26]} Rcxc6 {[%emt 0:00:37]} 24. Bg4 {[%emt 0:00:40]} exf4 {[%emt 0:06:09]} 25. Bxd7 {[%emt 0:04:44]} Qxd7 {[%emt 0:00:27]} 26. Bxf4 {[%emt 0:00:21]} Qf7 {[%emt 0:02:06]} 27. g3 {[%emt 0:05:30]} Be4+ {[%emt 0:00:19]} 28. Kg1 {[%emt 0:00:04]} Bxf4 {[%emt 0:00:25]} 29. Rxf4 {[%emt 0:00:05]} Rxf4 {[%emt 0:00:13]} 30. Qxf4 {[%emt 0:00:05]} Qxf4 {[%emt 0:00:14]} 31. gxf4 {[%emt 0:00:04]} Rg6+ {[%emt 0:00:18]} 32. Kf2 {[%emt 0:00:52]} Rg2+ {[%emt 0:02:34]} 33. Ke3 {[%emt 0:00:05]} Rxb2 {[%emt 0:01:04]} 34. Nd4 {[%emt 0:01:01]} Rxh2 {[%emt 0:00:32]} 35. c6 {[%emt 0:01:04]} Rh3+ {[%emt 0:00:36]} 36. Kf2 {[%emt 0:00:05]} bxc6 {[%emt 0:00:29]} 37. Rc1 {[%emt 0:00:06]} h6 {[%emt 0:04:12]} 38. Rxc6 {[%emt 0:00:11]} Rd3 {[%emt 0:00:39]} 39. Ne6 {[%emt 0:00:19]} Rf3+ {[%emt 0:00:32]} 40. Ke1 {[%emt 0:01:12]} Re3+ {[%emt 0:04:35]} 41. Kf2 {[%emt 0:00:08]} Rf3+ {[%emt 0:00:53]} 42. Ke1 {[%emt 0:00:05]} Re3+ {[%emt 0:00:27]} 1/2-1/2

[Event "XII Paracin Festival 2019"]
[Site "Paracin"]
[Date "2019.07.11"]
[Round "8.9"]
[White "Asadli, Vugar"]
[Black "Baglan, Esat"]
[Result "1/2-1/2"]
[WhiteElo "2502"]
[BlackElo "2336"]
[Annotator "ChessBase"]
[PlyCount "86"]
[EventDate "2019.07.05"]
[EventType "swiss"]
[EventCountry "SRB"]
[SourceTitle "playchess.com"]
[Source "ChessBase"]
[SourceQuality "1"]
[TimeControl "5400+30"]

1. e4 {[%emt 0:00:15]} c5 {[%emt 0:00:00]} 2. Nc3 {[%emt 0:00:04]} d6 {[%emt 0:00:07]} 3. Bb5+ {[%emt 0:00:03]} Bd7 {[%emt 0:00:53]} 4. Bxd7+ {[%emt 0:01:12]} Qxd7 {[%emt 0:01:07]} 5. d4 {[%emt 0:00:04]} cxd4 {[%emt 0:00:19]} 6. Qxd4 {[%emt 0:00:04]} Nc6 {[%emt 0:00:20]} 7. Qd3 {[%emt 0:00:10]} g6 {[%emt 0:04:03]} 8. Nf3 {[%emt 0:00:54]} Bg7 {[%emt 0:00:31]} 9. O-O {[%emt 0:00:56]} Nf6 {[%emt 0:01:23]} 10. Bg5 {[%emt 0:00:18]} O-O {[%emt 0:04:19]} 11. Rad1 {[%emt 0:00:04]} h6 {[%emt 0:06:42]} 12. Bc1 {[%emt 0:06:24]} Rfd8 {[%emt 0:07:06]} 13. Nd5 {[%emt 0:03:45]} Ne8 {[%emt 0:01:50]} 14. Rfe1 {[%emt 0:07:11]} Rac8 {[%emt 0:06:02]} 15. Qa3 {[%emt 0:07:59]} e6 {[%emt 0:05:12]} 16. Ne3 {[%emt 0:00:11]} Qe7 {[%emt 0:01:07]} 17. b4 {[%emt 0:04:25]} b5 {[%emt 0:06:36]} 18. c4 {[%emt 0:04:12]} bxc4 {[%emt 0:03:50]} 19. Nxc4 {[%emt 0:08:31]} Nd4 {[%emt 0:03:38]} 20. Nxd4 {[%emt 0:05:48]} Rxc4 {[%emt 0:00:24]} 21. Nb3 {[%emt 0:01:11]} Rdc8 {[%emt 0:04:22]} 22. b5 {[%emt 0:05:49]} Qd7 {[%emt 0:11:36]} 23. e5 {[%emt 0:03:43]} d5 {[%emt 0:01:15]} 24. Nd4 {[%emt 0:04:14]} Bf8 {[%emt 0:09:01]} 25. Qb3 {[%emt 0:00:58]} a6 {[%emt 0:06:02]} 26. a3 {[%emt 0:07:06]} axb5 {[%emt 0:02:40]} 27. Nxb5 {[%emt 0:00:01]} Qb7 {[%emt 0:01:07]} 28. Bd2 {[%emt 0:00:05]} Nc7 {[%emt 0:04:36]} 29. a4 {[%emt 0:00:03]} Nxb5 {[%emt 0:01:38]} 30. axb5 {[%emt 0:00:06]} Bb4 {[%emt 0:01:05]} 31. Rf1 {[%emt 0:02:31]} Bxd2 {[%emt 0:00:55]} 32. Rxd2 {[%emt 0:00:00]} Rc3 {[%emt 0:00:45]} 33. Qb4 {[%emt 0:01:33]} R8c4 {[%emt 0:01:53]} 34. Qb1 {[%emt 0:00:26]} Qb6 {[%emt 0:02:12]} 35. h3 {[%emt 0:02:22]} Rc5 {[%emt 0:00:38]} 36. Rb2 {[%emt 0:00:03]} d4 {[%emt 0:00:13]} 37. Qe4 {[%emt 0:00:29]} Rxb5 {[%emt 0:00:42]} 38. Rxb5 {[%emt 0:00:06]} Qxb5 {[%emt 0:00:05]} 39. Qxd4 {[%emt 0:00:02]} Qd3 {[%emt 0:01:32]} 40. Qf4 {[%emt 0:00:59]} Qf5 {[%emt 0:00:20]} 41. Qxh6 {[%emt 0:00:11]} Qxe5 {[%emt 0:00:07]} 42. Rd1 {[%emt 0:00:13]} Rc8 {[%emt 0:00:07]} 43. Qh4 {[%emt 0:00:45]} Kg7 {[%emt 0:00:17]} 1/2-1/2

[Event "XII Paracin Festival 2019"]
[Site "Paracin"]
[Date "2019.07.11"]
[Round "8.10"]
[White "Milosevic, Milos"]
[Black "Stojanovic, Mihajlo"]
[Result "0-1"]
[WhiteElo "2312"]
[BlackElo "2483"]
[Annotator "ChessBase"]
[PlyCount "40"]
[EventDate "2019.07.05"]
[EventType "swiss"]
[EventCountry "SRB"]
[SourceTitle "playchess.com"]
[Source "ChessBase"]
[SourceQuality "1"]
[TimeControl "5400+30"]

1. e4 {[%emt 0:00:00]} e6 {[%emt 0:00:00]} 2. d4 {[%emt 0:00:00]} d5 {[%emt 0:00:00]} 3. Nc3 {[%emt 0:00:00]} Nf6 {[%emt 0:00:27]} 4. Bg5 {[%emt 0:00:00]} dxe4 {[%emt 0:00:29]} 5. Nxe4 {[%emt 0:00:00]} Be7 {[%emt 0:08:10]} 6. Bxf6 {[%emt 0:00:00]} gxf6 {[%emt 0:00:07]} 7. Nf3 {[%emt 0:00:00]} b6 {[%emt 0:00:13]} 8. g3 {[%emt 0:01:27]} Bb7 {[%emt 0:00:25]} 9. Nc3 {[%emt 0:00:16]} Nc6 {[%emt 0:12:03]} 10. Rg1 {[%emt 0:44:24]} Qd6 {[%emt 0:28:57]} 11. Qd2 {[%emt 0:02:52]} O-O-O {[%emt 0:00:52]} 12. O-O-O {[%emt 0:01:14]} e5 {[%emt 0:12:29]} 13. d5 {[%emt 0:05:02]} Nb4 {[%emt 0:01:17]} 14. Nh4 {[%emt 0:12:57]} Nxd5 {[%emt 0:03:59]} 15. Nf5 {[%emt 0:11:08]} Qe6 {[%emt 0:02:10]} 16. Nxd5 {[%emt 0:01:35]} Bxd5 {[%emt 0:03:15]} 17. Bh3 {[%emt 0:00:45]} Kb8 {[%emt 0:01:02]} 18. Qh6 {[%emt 0:06:57]} Be4 {[%emt 0:04:13]} 19. Nd4 {[%emt 0:03:29]} Qxa2 {[%emt 0:00:59]} 20. Nb3 {[%emt 0:00:02]} Ba3 {[%emt 0:01:41]} 0-1

[Event "XII Paracin Festival 2019"]
[Site "Paracin"]
[Date "2019.07.11"]
[Round "8.11"]
[White "Kosic, Dragan"]
[Black "Maksimovic, Bojan"]
[Result "1/2-1/2"]
[WhiteElo "2482"]
[BlackElo "2326"]
[Annotator "ChessBase"]
[PlyCount "105"]
[EventDate "2019.07.05"]
[EventType "swiss"]
[EventCountry "SRB"]
[SourceTitle "playchess.com"]
[Source "ChessBase"]
[SourceQuality "1"]
[TimeControl "5400+30"]

1. d4 {[%emt 0:00:00]} g6 {[%emt 0:00:00]} 2. e4 {[%emt 0:00:07]} Bg7 {[%emt 0:00:00]} 3. c3 {[%emt 0:00:12]} d6 {[%emt 0:00:27]} 4. Bg5 {[%emt 0:00:07]} Nf6 {[%emt 0:04:31]} 5. Nd2 {[%emt 0:04:31]} Nbd7 {[%emt 0:01:40]} 6. Ngf3 {[%emt 0:00:49]} e5 {[%emt 0:00:59]} 7. dxe5 {[%emt 0:04:06]} dxe5 {[%emt 0:07:51]} 8. Bc4 {[%emt 0:04:59]} O-O {[%emt 0:01:55]} 9. O-O {[%emt 0:00:16]} Qe7 {[%emt 0:06:28]} 10. Re1 {[%emt 0:00:43]} h6 {[%emt 0:07:37]} 11. Bh4 {[%emt 0:00:06]} c6 {[%emt 0:01:09]} 12. a4 {[%emt 0:03:09]} a5 {[%emt 0:07:08]} 13. Qb3 {[%emt 0:03:09]} Nc5 {[%emt 0:05:02]} 14. Qa3 {[%emt 0:01:17]} Re8 {[%emt 0:00:52]} 15. Bf1 {[%emt 0:10:51]} Qf8 {[%emt 0:06:48]} 16. Rad1 {[%emt 0:03:11]} Bg4 {[%emt 0:05:14]} 17. h3 {[%emt 0:04:30]} Bxf3 {[%emt 0:03:26]} 18. gxf3 {[%emt 0:00:05]} Ne6 {[%emt 0:06:21]} 19. Qxf8+ {[%emt 0:03:11]} Kxf8 {[%emt 0:00:39]} 20. Nc4 {[%emt 0:00:10]} Ng5 {[%emt 0:07:56]} 21. Re3 {[%emt 0:02:50]} Nh5 {[%emt 0:04:44]} 22. Bg3 {[%emt 0:13:12]} Nf4 {[%emt 0:03:20]} 23. Bxf4 {[%emt 0:01:39]} exf4 {[%emt 0:00:02]} 24. Red3 {[%emt 0:00:09]} Ne6 25. Nb6 {[%emt 0:01:54]} Rad8 {[%emt 0:10:15]} 26. Nd7+ {[%emt 0:03:50]} Ke7 {[%emt 0:02:18]} 27. h4 {[%emt 0:01:09]} Bd4 {[%emt 0:01:59]} 28. cxd4 {[%emt 0:02:03]} Rxd7 {[%emt 0:00:07]} 29. d5 {[%emt 0:00:38]} Nc5 {[%emt 0:03:43]} 30. Rd4 {[%emt 0:03:32]} Red8 {[%emt 0:01:15]} 31. Kh2 {[%emt 0:08:52]} cxd5 {[%emt 0:01:10]} 32. exd5 {[%emt 0:00:28]} g5 {[%emt 0:00:22]} 33. Bc4 {[%emt 0:02:19]} Rd6 {[%emt 0:00:28]} 34. b3 {[%emt 0:01:00]} Kf6 {[%emt 0:00:27]} 35. Re1 {[%emt 0:00:42]} Rb6 {[%emt 0:00:14]} 36. Rdd1 {[%emt 0:03:12]} Rdd6 {[%emt 0:00:51]} 37. Re8 {[%emt 0:02:32]} Rb4 {[%emt 0:00:22]} 38. Rc8 {[%emt 0:04:56]} Nxb3 {[%emt 0:00:36]} 39. Rd3 {[%emt 0:00:26]} Na1 {[%emt 0:00:35]} 40. Bb5 {[%emt 0:00:27]} Nb3 {[%emt 0:00:30]} 41. Rc7 {[%emt 0:01:59]} Nd4 {[%emt 0:00:31]} 42. Be8 {[%emt 0:01:30]} Rxd5 {[%emt 0:00:30]} 43. Rxf7+ {[%emt 0:00:42]} Ke5 {[%emt 0:00:24]} 44. Re7+ {[%emt 0:01:10]} Kf6 {[%emt 0:00:21]} 45. Rh7 {[%emt 0:00:16]} gxh4 {[%emt 0:00:28]} 46. Rxh6+ {[%emt 0:00:51]} Ke7 {[%emt 0:00:19]} 47. Bb5 {[%emt 0:00:49]} Rf5 {[%emt 0:01:01]} 48. Rh7+ {[%emt 0:01:41]} Rf7 {[%emt 0:00:08]} 49. Rh5 {[%emt 0:00:25]} Rf5 {[%emt 0:00:48]} 50. Rh7+ {[%emt 0:01:26]} Rf7 {[%emt 0:00:05]} 51. Rh5 {[%emt 0:00:08]} Rf5 {[%emt 0:00:18]} 52. Rh7+ {[%emt 0:00:07]} Rf7 {[%emt 0:00:16]} 53. Rh5 {[%emt 0:00:07]} 1/2-1/2

[Event "XII Paracin Festival 2019"]
[Site "Paracin"]
[Date "2019.07.11"]
[Round "8.12"]
[White "Lazov, Toni"]
[Black "Petrov, Martin"]
[Result "0-1"]
[WhiteElo "2313"]
[BlackElo "2480"]
[Annotator "ChessBase"]
[PlyCount "124"]
[EventDate "2019.07.05"]
[EventType "swiss"]
[EventCountry "SRB"]
[SourceTitle "playchess.com"]
[Source "ChessBase"]
[SourceQuality "1"]
[TimeControl "5400+30"]

1. e4 {[%emt 0:00:00]} c5 {[%emt 0:00:00]} 2. Nf3 {[%emt 0:00:00]} d6 {[%emt 0:00:00]} 3. d4 {[%emt 0:00:00]} cxd4 {[%emt 0:00:00]} 4. Nxd4 {[%emt 0:00:00]} Nf6 {[%emt 0:00:03]} 5. Nc3 {[%emt 0:00:00]} a6 {[%emt 0:00:03]} 6. Bc4 {[%emt 0:00:21]} e6 {[%emt 0:00:51]} 7. Bb3 {[%emt 0:00:05]} Nbd7 {[%emt 0:00:48]} 8. f4 {[%emt 0:01:16]} Nc5 {[%emt 0:03:07]} 9. O-O {[%emt 0:03:20]} Nfxe4 {[%emt 0:03:24]} 10. Nxe4 {[%emt 0:01:26]} Nxe4 {[%emt 0:00:03]} 11. f5 {[%emt 0:00:07]} e5 {[%emt 0:00:05]} 12. Qh5 {[%emt 0:00:16]} d5 {[%emt 0:01:03]} 13. Re1 {[%emt 0:00:38]} Bc5 {[%emt 0:04:30]} 14. Rxe4 {[%emt 0:00:39]} Bxd4+ {[%emt 0:04:51]} 15. Rxd4 {[%emt 0:45:23]} Qb6 {[%emt 0:03:35]} 16. c3 {[%emt 0:05:21]} exd4 {[%emt 0:13:11]} 17. Qe2+ {[%emt 0:00:50]} Kd8 {[%emt 0:10:55]} 18. Qf2 {[%emt 0:01:03]} Re8 {[%emt 0:04:54]} 19. cxd4 {[%emt 0:04:49]} f6 {[%emt 0:07:51]} 20. h3 {[%emt 0:07:28]} Bd7 {[%emt 0:06:19]} 21. Bxd5 {[%emt 0:00:52]} Qb5 {[%emt 0:08:48]} 22. Bf3 {[%emt 0:02:06]} Bxf5 {[%emt 0:01:45]} 23. Qg3 {[%emt 0:09:13]} Qd7 {[%emt 0:02:32]} 24. Bd2 {[%emt 0:02:26]} Qxd4+ {[%emt 0:00:47]} 25. Kh2 {[%emt 0:00:04]} Qxd2 {[%emt 0:00:05]} 26. Rd1 {[%emt 0:00:15]} Qxd1 {[%emt 0:00:09]} 27. Bxd1 {[%emt 0:00:01]} Re7 {[%emt 0:00:38]} 28. Qd6+ {[%emt 0:03:30]} Ke8 {[%emt 0:01:21]} 29. Qd5 {[%emt 0:00:02]} Be6 {[%emt 0:00:36]} 30. Qh5+ {[%emt 0:00:18]} g6 {[%emt 0:01:19]} 31. Qh4 {[%emt 0:00:06]} Rd8 {[%emt 0:02:47]} 32. Bf3 {[%emt 0:01:22]} Rf7 {[%emt 0:02:39]} 33. Qe4 {[%emt 0:01:22]} Re7 {[%emt 0:00:13]} 34. Qh4 {[%emt 0:00:17]} f5 {[%emt 0:04:24]} 35. Qf6 {[%emt 0:03:55]} Bd5 {[%emt 0:00:40]} 36. Qh8+ {[%emt 0:05:23]} Kd7 {[%emt 0:00:04]} 37. Qd4 {[%emt 0:00:04]} Ke6 {[%emt 0:00:06]} 38. Qe3+ {[%emt 0:03:54]} Kf7 {[%emt 0:00:24]} 39. Qb6 {[%emt 0:00:34]} Ke8 {[%emt 0:01:27]} 40. Bxd5 {[%emt 0:00:16]} Rxd5 {[%emt 0:00:04]} 41. a4 {[%emt 0:00:27]} Rde5 {[%emt 0:01:02]} 42. b4 {[%emt 0:00:29]} Kf7 {[%emt 0:00:48]} 43. Qd8 {[%emt 0:00:43]} Kg7 {[%emt 0:00:24]} 44. Qd4 {[%emt 0:00:03]} h6 {[%emt 0:01:28]} 45. Qc3 {[%emt 0:01:01]} Kh7 {[%emt 0:00:08]} 46. Qd4 {[%emt 0:00:08]} Re4 {[%emt 0:01:03]} 47. Qd6 {[%emt 0:00:09]} h5 {[%emt 0:00:24]} 48. b5 {[%emt 0:00:27]} axb5 {[%emt 0:00:15]} 49. axb5 {[%emt 0:00:01]} Kg7 {[%emt 0:02:52]} 50. Qd2 {[%emt 0:00:28]} h4 {[%emt 0:01:28]} 51. Qc3+ {[%emt 0:00:12]} Kh7 {[%emt 0:02:17]} 52. Qf6 {[%emt 0:00:08]} Kh6 {[%emt 0:00:27]} 53. Qh8+ {[%emt 0:01:21]} Rh7 {[%emt 0:00:40]} 54. Qf6 {[%emt 0:00:26]} Rd7 {[%emt 0:00:17]} 55. Qc3 {[%emt 0:00:45]} Rd1 {[%emt 0:03:18]} 56. Qf6 {[%emt 0:01:22]} Kh5 {[%emt 0:00:10]} 57. g4+ {[%emt 0:00:44]} hxg3+ {[%emt 0:00:48]} 58. Kxg3 {[%emt 0:00:13]} Rd3+ {[%emt 0:00:19]} 59. Kf2 {[%emt 0:00:47]} Rxh3 {[%emt 0:00:42]} 60. Qg7 {[%emt 0:00:01]} Rhe3 {[%emt 0:00:56]} 61. Qxb7 {[%emt 0:00:32]} Kg4 {[%emt 0:00:20]} 62. Qg7 {[%emt 0:00:47]} Re2+ {[%emt 0:00:04]} 0-1

[Event "XII Paracin Festival 2019"]
[Site "Paracin"]
[Date "2019.07.11"]
[Round "8.13"]
[White "Stefansson, Vignir Vatnar"]
[Black "Stankovic, Milos"]
[Result "0-1"]
[WhiteElo "2293"]
[BlackElo "2462"]
[Annotator "ChessBase"]
[PlyCount "46"]
[EventDate "2019.07.05"]
[EventType "swiss"]
[EventCountry "SRB"]
[SourceTitle "playchess.com"]
[Source "ChessBase"]
[SourceQuality "1"]
[TimeControl "5400+30"]

1. d4 {[%emt 0:00:00]} Nf6 {[%emt 0:00:00]} 2. Nc3 {[%emt 0:00:00]} e6 {[%emt 0:01:52]} 3. Bf4 {[%emt 0:00:28]} d5 {[%emt 0:09:04]} 4. Nb5 {[%emt 0:02:01]} Na6 {[%emt 0:01:03]} 5. e3 {[%emt 0:00:05]} c6 {[%emt 0:03:20]} 6. Nc3 {[%emt 0:00:06]} Qb6 {[%emt 0:00:37]} 7. a3 {[%emt 0:05:54]} c5 {[%emt 0:08:19]} 8. dxc5 {[%emt 0:16:32]} Nxc5 {[%emt 0:04:18]} 9. Nb5 {[%emt 0:12:45]} Na6 {[%emt 0:01:07]} 10. a4 {[%emt 0:00:46]} Be7 {[%emt 0:05:55]} 11. Nf3 {[%emt 0:03:48]} O-O {[%emt 0:01:11]} 12. c3 {[%emt 0:01:25]} Bd7 {[%emt 0:02:51]} 13. Qd4 {[%emt 0:16:34]} Rfc8 {[%emt 0:11:38]} 14. a5 {[%emt 0:10:05]} Qd8 {[%emt 0:02:54]} 15. b4 {[%emt 0:01:31]} Ne4 {[%emt 0:01:00]} 16. Bd3 {[%emt 0:06:52]} Bxb5 {[%emt 0:02:33]} 17. Bxb5 {[%emt 0:00:04]} Nxc3 {[%emt 0:00:11]} 18. Bxa6 {[%emt 0:00:02]} bxa6 {[%emt 0:00:13]} 19. Nd2 {[%emt 0:00:39]} Qd7 {[%emt 0:01:45]} 20. Rc1 {[%emt 0:00:20]} Nb5 {[%emt 0:00:58]} 21. Rxc8+ {[%emt 0:00:06]} Rxc8 {[%emt 0:00:32]} 22. Qb2 {[%emt 0:00:15]} Bf6 {[%emt 0:00:31]} 23. Qb1 {[%emt 0:00:18]} Na3 {[%emt 0:00:26]} 0-1